• 首页
  • 本馆介绍
  • 公告通知
  • 最新文献
  • 馆藏检索
  • 电子资源
  • 读者导购
  • 参考咨询
  • 我的图书馆
  • 登录
  • 详细信息显示
  • 放入我的书架
  • 预约/预借图书
  • 作者相关作品
  • 分类相关作品
  • 丛书相关作品
  • 出版社相关作品

书目信息

  • 表格格式
  • 工作单格式
  • 卡片格式
题名:
公共政策与经济分析
    
 
作者: 张昕 编著
分册:  
出版信息: 北京   中国人民大学出版社  2004
页数: 352页
开本: 23cm
丛书名:
单 册:
中图分类: D0 , F062.6
科图分类:
主题词: 政策学--研究生--教材 , 公共经济学--研究生-- 教材 , 公共经济学 , 政策学
电子资源:
ISBN: 7-300-05945-7
000 00974nam0 2200301 450
000 00986nam0 2200301 450
000 00921nam0 2200277 450
000 00885nam0 2200265 45
005 20070724101516.59
010    @a7-300-05945-7@dCNY28.00
100    @a20070627d2004 em y0chiy0120 ea
101 0  @achi
102    @aCN@b110000
105    @ay z 000yy
200 1  @a公共政策与经济分析@AGong Gong Zheng Ce Yu Jing Ji Fen Xi@f张昕编著@FZhang Xin Bian Zhu
210    @a北京@c中国人民大学出版社@d2004
215    @a352页@d23cm
300    @a公共管理硕士(MPA)系列教材
330    @a本书结合同步案例分析,对公共政策、经济学基本理论,公共政策的经济学途径、生产组织与市场结构,公共项目评估等进行系统论述。
606 0  @a政策学@x研究生@j教材
606 0  @a公共经济学@x研究生@j 教材
606 0  @a公共经济学
606 0  @a政策学
690    @aD0@v4
690    @aF062.6@v4
701  0 @a张昕@AZhang Xin@4编著
801  0 @aCN@bTAOJIN@c20070724
905    @a10447@dD0@e255
    
    公共政策与经济分析/张昕编著.-北京:中国人民大学出版社,2004
    352页;23cm
    公共管理硕士(MPA)系列教材
    
    ISBN 7-300-05945-7:CNY28.00
    本书结合同步案例分析,对公共政策、经济学基本理论,公共政策的经济学途径、生产组织与市场结构,公共项目评估等进行系统论述。
●
相关链接 在E读中查询图书 在五车中查询图书 在当当中查询图书 在豆瓣中查询图书


正题名:公共政策与经济分析     索取号:D0/255         预约/预借

序号 登录号 条形码 馆藏地/架位号 状态 备注
1 0824243   208242436   第一样本阅览室/ [索取号:D0/255] 在馆    
2 0824244   208242445   第一借阅区/ [索取号:D0/255] 在馆    
3 0824245   208242454   第一借阅区/ [索取号:D0/255] 在馆    
4 0824246   208242463   密集书库/ [索取号:D0/255] 在馆    
5 0824247   208242472   密集书库/ [索取号:D0/255] 在馆    
6 0824248   208242481   密集书库/ [索取号:D0/255] 在馆    
7 0824249   208242490   密集书库/ [索取号:D0/255] 在馆    
8 0824250   208242506   第一借阅区/ [索取号:D0/255] 在馆    
唐山师范学院图书馆 欢迎您!
大连网信软件有限公司© 版权所有